MDQL
is popping MORE tags! Check the
thread
!
Quizzes
Events
Quiz Creation
Community
Videos
Private Events
Remove Ads
Sign In
Join for FREE
Feedback
Dark Mode
Quiz Categories
Sports
Geography
Music
Movies
Television
Just For Fun
Miscellaneous
History
Literature
Language
Science
Gaming
Entertainment
Religion
Holiday
For Kids
Quiz Lab
Recent
Popular Today
Quiz Kudos Today
Editor Picks
Curator Picks
Quizzes by...
Day
Popularity
Type
Ratings
Length
Year
Community
Subscriptions
Recent Discussions
Orange Saloon
Badges
Playlists
Quests
Create
Leaderboards
Showdown
Live 5
Trivia Bingo
Activity
Puzzle Library
Sporcle Events
Private Events
Virtual Trivia
Globe League
Become a Host
Pub Owners
SporcleCon
Opinionation
Our Games
Videos
Blog
Mobile Apps
Partnerships
Remove Ads and Go Orange
Feedback
Gaming
Video Games
Board Games
Card Games
Pokémon
Mario
Nintendo
Minecraft
Console
Toys
Legend of Zelda
Gaming
Video Games
Board Games
Card Games
Pokémon
Mario
Nintendo
Minecraft
Console
Toys
Legend of Zelda
Random Quiz
Search Sporcle
×
Quiz Lab
Quiz Lab
Gaming
Building
Type in answers that appear in a list
Type in answers that appear in a list
Classic
Best Score? Go Orange.
Civ 4 Ultimate Civilization Quiz Stats
Can you name the facts about the civs from Civ IV and all its expansions?
By
jmpasquale
20m
208 Questions
331 Plays
331 Plays
331 Plays
Comments
Comments
Give Quiz Kudos
Give Quiz Kudos
-
- Ratings
hide this ad
Replay
Link that replays current quiz
Next Quiz
Link to next quiz in quiz playlist
You Got
0%
They Got
Avg Score
61%
Avg Friend Score
Upgrade to see
Score Distribution
Jump to the score distribution portion of the page
Score
0/208
Timer
20:00
0
Plays Today
% Correct
America
96.1%
America
96.1%
America
96.1%
England
93.1%
England
93.1%
England
93.1%
France
93.1%
France
93.1%
France
93.1%
George Washington
92.1%
Germany
91.8%
Germany
91.8%
Abraham Lincoln
91.5%
China
91.2%
China
91.2%
Rome
91.2%
Rome
91.2%
Aztecs
90.9%
Russia
90.6%
Russia
90.6%
Russia
90.6%
Greece
89.7%
Greece
89.7%
Franklin D. Roosevelt
89.7%
India
88.8%
India
88.8%
Inca
88.5%
Japan
88.5%
Ger
88.5%
Ger
88.5%
Spain
87.6%
Arabia
86.7%
Egypt
86.7%
Egypt
86.7%
Zulu
86.1%
Mongolia
85.5%
Mongolia
85.5%
Elizabeth
85.5%
Victoria
85.2%
Persia
84.3%
Persia
84.3%
Churchill
84.3%
Montezuma
82.5%
Mali
81.6%
Vikings
81.6%
Portugal
81%
Napoleon
81%
Catherine
81%
Dutch
80.1%
Mao Zedong
80.1%
Louis XIV
80.1%
Alexander
79.8%
Gandhi
78.9%
Ottomans
78.5%
Ottomans
78.5%
Genghis Khan
78.5%
Stalin
78.2%
Julius Caesar
77.9%
Celts
77.6%
Celts
77.6%
Maya
76.7%
Korea
76.1%
Augustus Caesar
76.1%
Babylon
76.1%
Bismarck
75.8%
Saladin
75.5%
Kublai Khan
75.2%
Isabella
74.9%
Khmer
74%
Peter
73.7%
% Correct
Navy SEAL
73.7%
Navy SEAL
73.7%
Navy SEAL
73.7%
Frederick
72.5%
Shaka
72.2%
Redcoat
72.2%
Redcoat
72.2%
Redcoat
72.2%
Carthage
71.3%
Native Americans
71%
Holy Roman Empire
70.4%
Jaguar Warrior
70.4%
Ethiopia
70.1%
Tokugawa
69.2%
Hannibal
68.3%
Mansa Musa
67.7%
Panzer
67.4%
Panzer
67.4%
Samurai
67.4%
Asoka
67.1%
Mall
66.8%
Mall
66.8%
Mall
66.8%
Sitting Bull
66.5%
Byzantium
65.9%
Hammurabi
65.6%
Musketeer
65%
Musketeer
65%
Musketeer
65%
Boudica
64.7%
Justinian I
64%
Sumeria
63.1%
Darius I
62.8%
Fast Worker
62.8%
Fast Worker
62.8%
Ramesses II
62.5%
Cyrus
62.5%
Ragnar
62.2%
Cossack
62.2%
Cossack
62.2%
Cossack
62.2%
Pericles
61.9%
Phalanx
61.6%
Phalanx
61.6%
Qin Shi Huang
59.8%
Charlemagne
59.8%
Camel Archer
59.8%
War Chariot
59.8%
War Chariot
59.8%
Willem van Oranje
59.5%
Brennus
58.3%
Immortal
58.3%
Immortal
58.3%
Hatshepsut
55.9%
Joao II
55%
Pacal II
54.1%
Praetorian
54.1%
Praetorian
54.1%
Gilgamesh
53.2%
Suleiman
52.9%
Conquistador
50.8%
Stock Exchange
50.8%
Stock Exchange
50.8%
Stock Exchange
50.8%
Salon
50.8%
Salon
50.8%
Salon
50.8%
Impi
49.8%
Keshik
49.5%
Keshik
49.5%
% Correct
Bowman
48.3%
Huayna Capac
48%
Mehmed II
47.7%
Forum
46.2%
Forum
46.2%
Dun
45.3%
Dun
45.3%
Obelisk
45.3%
Obelisk
45.3%
Janissary
43.5%
Janissary
43.5%
Wang Kon
42.9%
Sacrificial Altar
42.6%
Zara Yaqob
42.3%
Cataphract
42.3%
Carrack
41.7%
Ball Court
40.5%
East Indiaman
39.6%
Skirmisher
39.6%
Dog Soldier
39.6%
Shale Plant
39.6%
Totem Pole
39.3%
Numidian Cavalry
39%
Ballista Elephant
38.4%
Beserker
37.8%
Mint
37.8%
Trading Post
37.8%
Dike
37.5%
Suryavarman II
37.2%
Gallic Warrior
37.2%
Gallic Warrior
37.2%
Odeon
37.2%
Odeon
37.2%
Hwacha
36%
Terrace
35.6%
Madrassa
35.3%
Pavilion
35.3%
Pavilion
35.3%
Quechua
35%
Garden
34.7%
Hippodrome
34.4%
Assembly Plant
33.5%
Assembly Plant
33.5%
Vulture
33.2%
Research Institute
32.9%
Research Institute
32.9%
Research Institute
32.9%
Mausoleum
32.6%
Mausoleum
32.6%
Citadel
32.6%
Ziggurat
32.6%
Oromo Warrior
32%
Cho-Ku-Nu
31.1%
Cho-Ku-Nu
31.1%
Cothon
31.1%
Stele
30.5%
Rathaus
29.9%
De Gualle
29%
Landsknecht
28.4%
Apothecary
26%
Apothecary
26%
Holkan
24.8%
Ikhanda
23.9%
Baray
22.1%
Feitoria
22.1%
Seowon
20.2%
Hammam
19.6%
Hammam
19.6%
Quiz Playlist
Details
Report
Send in Message
Add To Playlist
Classic:
Type in answers that appear in a list
Last Updated: Feb 16, 2017
Quiz Scoreboard
CHALLENGE
Sign Up to Join the Scoreboard
Show All
Scores
Hide
Comments
May contain spoilers
Recently Published
1-10 Letter E Words III
by El_Dandy
Language
2m
Street Fighter Characters
by Artimus82
Gaming
60s
College Basketball Coaching Resumes
by pancakes188
Sports
9m
More to Explore
Quiz From the Vault
Featured Blog Post
Where Did the Easter Bunny Come From?
hide this ad
You Might Also Like...
Tags
Building
Civ
Civ 4
Civilization
Everything
unit
Today's Top Quizzes in Gaming
Browse Gaming
hide this ad
Today's Top Quizzes in Building
Browse Building
Top Contributed Quizzes in Gaming
1
5-to-1: Consoles
2
7-to-1: Board Game Piece Blitz
3
5-to-1: Legend of Zelda
4
League of Legends Pro Players by Career/Team History
5
Destiny 2 exotic weapons by perk icons
6
Ultimate Genshin Impact Logic Puzzle (up to 4.3)
7
Quick Pick: Video Games Lost in Translation
8
Franchise by Action Figure
9
Who's on the WWE 2K24 Cover?
10
Genshin Impact Logic Puzzle Quiz
Explore More
Trending Topics
NBA
Harry Potter
Marvel
Anime
Disney
Crossword
Kpop
Country
Puzzle
Pokémon
Song
Soccer
The Office
WWE
NFL
hide this ad
More By:
jmpasquale
Quiz
Plays
Rating
Category
Featured
Created
Fascist Countries
2,174
2.12
History
Aug 14, 2010
100 Greatest Video Game Villains
1,561
3.07
Gaming
Sep 1, 2010
Left 4 Dead Occupations
537
4.40
Gaming
Jun 19, 2010
Civilization 4 Technologies
438
5.00
Gaming
Dec 19, 2009
Civilization 4 civs
411
3.75
Gaming
Sep 23, 2009
Go to Creator's Profile
Score Distribution
Quiz Creator Spotlight
jmpasquale
Follow
Send a Message
Quizzes Created
-
Created Quiz Play Count
-
More By This Creator
Popular Quizzes Today
1
Find the US States - No Outlines Minefield
2
Find the Countries of Europe - No Outlines Minefield
3
The Countries of the World
4
Find the US States
5
Risky Map Clicking: Biggest States A-Z
6
US States
7
Popular People in 1961
8
Movies - When Are They Set?
More Gaming Quizzes
World of Warcraft: Northrend Zones by Image
Quiz Lab
Trending Quizzes
Risky Map Clicking: Least Populous States A-Z
USA Borders Longest to Shortest
1-10 Letter G Words
1-10 Letter F Words
Countries of the World: 200 Million BC
Recently Updated
Leaping Animals
pecheneg
Reality TV Shows (A-Z)
bhenderson79
Rickey Henderson's Hall of Fame Teammates
pecheneg
Champions League XIs: Arsenal
pecheneg
Quick Pick: Celebrities in WWE's Hall of Fame
aduchscher
A-Z Keypad Blitz II
pecheneg
Multiple Oscar Actors
pecheneg
Mystery Phrase Blitz: Oscar 'Best Actors'
pecheneg
F. Scott Fitzgerald Novels
LTH
Pick 3 Villains
ddd62291
Trending Topics
Crossword
Marvel
NBA
Anime
Kpop
Disney
Harry Potter
NFL
Puzzle
The Office
Song
Country
Soccer
WWE
Pokémon
Your Account Isn't Verified!
In order to create a playlist on Sporcle, you need to verify the email address you used during registration. Go to your
Sporcle Settings
to finish the process.
Report this User
Report this user for behavior that violates our
Community Guidelines
.
Details:
Send Report
Go to the Sporcle.com Mobile Site →
Comments